Desnudos : suplemento número 2 de Xallixtlico VI-50 /
Kaydedildi:
| Diğer Yazarlar: | |
|---|---|
| Materyal Türü: | Kitap |
| Dil: | İspanyolca |
| Konular: | |
| Etiketler: |
Etiket eklenmemiş, İlk siz ekleyin!
|
MARC
| LEADER | 00000nam^a2200000^a^4500 | ||
|---|---|---|---|
| 001 | 000125578 | ||
| 005 | 20250521000000.0 | ||
| 009 | 20260310094654.355 | ||
| 037 | |a Acervo ITESO - Biblioteca | ||
| 041 | |a ESP | ||
| 082 | |a 805. |b XAL V. 6 T. 1 | ||
| 240 | 1 | 1 | |a [Xallixtlico] |
| 245 | 1 | 0 | |a Desnudos : |b suplemento número 2 de Xallixtlico VI-50 / |c Dir. de A. Rivas Sáinz. |
| 264 | |a Guadalajara, México : |b Gobierno del Estado de Jalisco, Departamento de Cultura, |c 1951 | ||
| 300 | |a 1 folleto ([8] p.) | ||
| 336 | |a texto |b txt |2 rdacontenido | ||
| 337 | |a sin mediación |b n |2 rdamedio | ||
| 338 | |a volumen |b nc |2 rdasoporte | ||
| 649 | |a XX | ||
| 650 | |a Literatura - |x Publicaciones Periódicas Jaliscienses | ||
| 650 | |a Pintores Norteamericanos | ||
| 650 | |a Artistas Norteamericanos | ||
| 650 | |a Desnudo en el Arte | ||
| 650 | |a Cuerpo Humano en el Arte | ||
| 650 | |a Pintura Norteamericana | ||
| 650 | |a Arte Norteamericano | ||
| 650 | |a Coffeen, Thomas | ||
| 700 | |a Rivas Sáinz, Arturo |e (dirección) | ||
| 910 | |a Fondo Salvador Reynoso Reynoso | ||
| 920 | |a Impresos - Libros | ||
| 930 | |a Fondos Especiales | ||
| 940 | |a Literatura | ||
| 905 | |a 112 | ||
| 901 | |a 0800008257 |b IT2 |c ESP |u 20250521 | ||
| 902 | |a https://opac.biblio.iteso.mx/vufind/Record/000125578 | ||